Court Appeal Constitutional Cause No.3 of 1997 Serapio Rukundo Vs Attoney General. (Record no. 3780)

MARC details
000 -LEADER
fixed length control field 00480nam a22001097a 4500
008 - FIXED-LENGTH DATA ELEMENTS--GENERAL INFORMATION
fixed length control field 110623t xxu||||| |||| 00| 0 eng d
010 ## - LIBRARY OF CONGRESS CONTROL NUMBER
LC control number CACCF-87
245 ## - TITLE STATEMENT
Title Court Appeal Constitutional Cause No.3 of 1997 Serapio Rukundo Vs Attoney General.
260 ## - PUBLICATION, DISTRIBUTION, ETC. (IMPRINT)
Date of publication, distribution, etc 1997
500 ## - GENERAL NOTE
General note CORAM: G.M. Okello, JA.; A.E.M. Bahigeine, JA.; S.G.Engwau, JA. & A. Twinomujuni, JA.
Holdings
Withdrawn status Lost status Source of classification or shelving scheme Damaged status Koha normalized classification for sorting Not for loan Location (home branch) Sublocation or collection (holding branch) Shelving location Date acquired Koha issues (times borrowed) Koha full call number Piece designation (barcode) Koha date last seen Price effective from Koha item type
    Dewey Decimal Classification   0319971   Law Development Centre Main Library Law Development Centre Main Library Law Reports 06/23/2011   03/1997/1 2011/2845 06/23/2011 06/23/2011 Un Reported Cases